Datum a čas kvízu
25
Celkem bodů
Celkový počet nahraných bodů na tomto kvízu bez doplňovacích otázek.
11.
Pořadí na kvízu
Konečné umístění týmu na tomto kvízu.
Zaznamenané odpovědi
| # | Otázka | Odpověď | Body | Výsledky |
|---|---|---|---|---|
| 1. | Rada České televize minulý týd... | Sama doma | 0 | |
| 2. | Cukrárna Café Lieb v německém... | C) na tancích a s děly | 0 | |
| 3. | Po tříleté pauze se na obrazov... | Příběh služebnice | 1 | |
| 4. | V odborné anketě Světové auto... | Kia | 1 | |
| 5. | České hokejistky na domácím mi... | USA | 1 | |
| 6. | Tonga a Togo sice mají podobné... | D | 0 | |
| 7. | Dříve v Prusku, nyní v Rusku.... | Kaliningrad | 1 | |
| 8. | Který z těchto států má největ... | A | 1 | |
| 9. | Který jazyk je úředním na územ... | angličtina; španělština | 0.5 | |
| 10. | Ke kvízu patří i pivo, které s... | Turnov; Trutnov | 0 |